[Event "East Detroit Mini-Swiss (July)"]
[Site "East Detroit, Mich."]
[Date "1978.07.08"]
[Round "1"]
[White "Sveen, Larry"]
[Black "Moody, David"]
[Result "1-0"]
[WhiteElo "1616"]
[BlackElo "1712"]
[PlyCount "47"]
[EventDate "1978.07.08"]

1. e4 e5 2. Nf3 Nc6 3. Bc4 Nf6 4. Ng5 d5 5. exd5 Na5 6. Bb5+ c6 7. dxc6 bxc6 8.
Qf3 Bb7 9. Ba4 Qc7 10. d3 O-O-O 11. b4 Bxb4+ 12. Bd2 Bxd2+ 13. Nxd2 h6 14. Qf5+
Kb8 15. Nge4 Nxe4 16. Nxe4 Rd4 17. Bb3 Nxb3 18. axb3 g6 19. Qf6 Re8 20. Nc5 Rf4
21. Qg7 Qd6 22. b4 Rxb4 23. Qxf7 Rf8 24. Qxf8+ 1-0

[Event "East Detroit Mini-Swiss (July)"]
[Site "East Detroit, Mich."]
[Date "1978.07.08"]
[Round "2"]
[White "Moody, David"]
[Black "Ryan, Joseph"]
[Result "0-1"]
[WhiteElo "1712"]
[BlackElo "1709"]
[PlyCount "78"]
[EventDate "1978.07.08"]

1. e4 Nf6 2. e5 Nd5 3. c4 Nb6 4. d4 d6 5. f4 dxe5 6. fxe5 e6 7. Nf3 Bb4+ 8. Nc3
Bxc3+ 9. bxc3 O-O 10. Bd3 f6 11. O-O N8d7 12. Ng5 fxg5 13. Qh5 Rxf1+ 14. Kxf1
g6 15. Bxg6 hxg6 16. Qxg6+ Kh8 17. Qh6+ Kg8 18. Qxe6+ Kg7 19. d5 Nc5 20. Bxg5
Nxe6 21. Bxd8 Nxd8 22. e6 Nxe6 23. dxe6 Bxe6 24. c5 Nd7 25. Re1 Rf8+ 26. Kg1
Nxc5 27. Re5 Rf5 28. Re1 Bxa2 29. h3 Bc4 30. Kh2 a5 31. Kg3 Na4 32. Kh4 Nxc3
33. g4 Rf4 34. Re7+ Rf7 35. Re1 b5 36. g5 Be2 37. g6 Kxg6 38. Rg1+ Kf6 39. Rg7
Kxg7 0-1

[Event "East Detroit Mini-Swiss (July)"]
[Site "East Detroit, Mich."]
[Date "1978.07.08"]
[Round "3"]
[White "George, Richard"]
[Black "Moody, David"]
[Result "1-0"]
[WhiteElo "1563"]
[BlackElo "1712"]
[PlyCount "61"]
[EventDate "1978.07.08"]

1. e4 e5 2. Nf3 Nc6 3. Bc4 Nf6 4. Ng5 Bc5 5. Bxf7+ Ke7 6. Bd5 Rf8 7. O-O h6 8.
Nf3 d6 9. c3 Bg4 10. Bxc6 bxc6 11. d4 Bxf3 12. Qxf3 exd4 13. cxd4 Bxd4 14. Qd3
Bc5 15. Be3 Bxe3 16. Qxe3 Kf7 17. Nc3 Kg8 18. Rad1 Qe7 19. Qd4 Rfd8 20. Qc4+ d5
21. Qxc6 dxe4 22. Rde1 Qd6 23. Qc4+ Kh8 24. Nxe4 Nxe4 25. Rxe4 Rab8 26. Rfe1
Rxb2 27. Re8+ Rxe8 28. Rxe8+ Kh7 29. Qg8+ Kg6 30. Re6+ Kh5 31. g4+ 1-0

[Event "U.S. Class B Championship"]
[Site "Chicago, Ill."]
[Date "1978.07.21"]
[Round "1"]
[White "Forbush, Ramsey"]
[Black "Moody, David"]
[Result "1-0"]
[WhiteElo "1790"]
[BlackElo "1712"]
[PlyCount "129"]
[EventDate "1978.07.21"]

1. e4 e5 2. Nf3 Nc6 3. Bb5 a6 4. Ba4 Nf6 5. O-O Be7 6. Bxc6 dxc6 7. d3 Bg4 8.
h3 Bxf3 9. Qxf3 O-O 10. b3 Nd7 11. Bb2 f6 12. Nd2 Qe8 13. Nc4 c5 14. Kh1 Nb8
15. g4 Nc6 16. c3 Rd8 17. Rad1 Qg6 18. Qg3 Rfe8 19. Bc1 b5 20. Ne3 b4 21. Nd5
Rd7 22. Be3 bxc3 23. Nxe7+ Nxe7 24. Bxc5 Red8 25. Bxe7 Rxe7 26. Qe3 Red7 27. f3
Qh6 28. f4 exf4 29. Qf3 Qh4 30. Rf2 Qg3 31. Qxg3 fxg3 32. Rf3 c2 33. Rc1 Rxd3
34. Rxd3 Rxd3 35. Rxc2 Kf7 36. Rxc7+ Kg6 37. Rc5 Rd1+ 38. Kg2 Rd2+ 39. Kxg3
Rxa2 40. e5 fxe5 41. Rxe5 Ra3 42. Re6+ Kf7 43. Rb6 Ra5 44. Kf4 Ke7 45. Rb7+ Kf6
46. h4 h6 47. Ke4 g5 48. h5 Rb5 49. Rxb5 axb5 50. Kd5 b4 51. Kd6 Kf7 52. Kc5
Ke6 53. Kxb4 Ke5 54. Kc3 Kf4 55. b4 Kxg4 56. b5 Kxh5 57. Kd3 Kh4 58. Ke3 Kh3
59. b6 h5 60. b7 h4 61. b8=Q g4 62. Kf2 g3+ 63. Kf3 g2 64. Kf2 g1=B+ 65. Kxg1
1-0

[Event "U.S. Class B Championship"]
[Site "Chicago, Ill."]
[Date "1978.07.22"]
[Round "3"]
[White "Moody, David"]
[Black "Goch, Lawrence"]
[Result "0-1"]
[WhiteElo "1712"]
[BlackElo "1790"]
[PlyCount "26"]
[EventDate "1978.07.21"]

1. e4 e5 2. Nf3 Nc6 3. Bb5 a6 4. Ba4 Nf6 5. O-O Nxe4 6. d4 b5 7. Bb3 exd4 8.
Re1 d5 9. Nxd4 Nxd4 10. Qxd4 Be6 11. Bxd5 Qxd5 12. Qxd5 Bxd5 13. Nc3 O-O-O 0-1

[Event "U.S. Class B Championship"]
[Site "Chicago, Ill."]
[Date "1978.07.23"]
[Round "5"]
[White "Raftshol, Warren"]
[Black "Moody, David"]
[Result "1/2-1/2"]
[WhiteElo "1648"]
[BlackElo "1712"]
[PlyCount "53"]
[EventDate "1978.07.21"]

1. c4 Nf6 2. Nc3 e6 3. Nf3 d5 4. cxd5 exd5 5. d4 c6 6. Bg5 Be7 7. Qc2 Be6 8. e3
Nbd7 9. Bd3 h6 10. Bh4 O-O 11. a3 c5 12. dxc5 Nxc5 13. Be2 Nce4 14. Nxe4 dxe4
15. Nd4 Qa5+ 16. Qd2 Qxd2+ 17. Kxd2 Rfd8 18. Rac1 Rac8 19. Rxc8 Bxc8 20. Rc1
Nd5 21. Bxe7 Nxe7 22. Ke1 Kf8 23. h3 g6 24. Bc4 Nf5 25. Nxf5 Bxf5 26. Ba2 Rc8
27. Rxc8+ 1/2-1/2

[Event "U.S. Class B Championship"]
[Site "Chicago, Ill."]
[Date "1978.07.23"]
[Round "4"]
[White "Moody, David"]
[Black "Weigel, Peter"]
[Result "1/2-1/2"]
[WhiteElo "1712"]
[BlackElo "1638"]
[PlyCount "46"]
[EventDate "1978.07.21"]

1. e4 Nc6 2. Nf3 Nf6 3. e5 Nd5 4. c4 Nb6 5. d4 d6 6. exd6 exd6 7. Be3 Bf5 8.
Nc3 Be7 9. a3 a5 10. Bd3 Qd7 11. Nb5 Rc8 12. Bxf5 Qxf5 13. Qb3 Nd7 14. Nc3 b6
15. Nd5 Nf6 16. Nxe7 Nxe7 17. d5 Qd7 18. Qd3 b5 19. b3 O-O 20. O-O bxc4 21.
bxc4 c6 22. Bg5 cxd5 23. cxd5 Nexd5 1/2-1/2

[Event "U.S. Open"]
[Site "Phoenix, Ariz."]
[Date "1978.08.07"]
[Round "2"]
[White "Gibson, Jack"]
[Black "Moody, David"]
[Result "1/2-1/2"]
[WhiteElo "1956"]
[BlackElo "1712"]
[PlyCount "108"]
[EventDate "1978.08.06"]

1. b3 e6 2. Bb2 Nf6 3. c4 b6 4. Nf3 Bb7 5. g3 Be7 6. Bg2 O-O 7. O-O d6 8. Nc3
Nbd7 9. d4 c5 10. d5 exd5 11. cxd5 a6 12. e4 Qc7 13. Re1 Rfe8 14. Qd2 Bf8 15.
Nh4 g6 16. f4 Rad8 17. f5 Bg7 18. Nd1 Ne5 19. Nf2 Rc8 20. Rac1 Qd7 21. Bxe5
Rxe5 22. fxg6 fxg6 23. Bh3 Qe8 24. Bxc8 Bxc8 25. Nf3 Nxe4 26. Nxe4 Rxe4 27. Ng5
Bd4+ 28. Kg2 Be3 29. Rxe3 Rxe3 30. Ne6 Bxe6 31. Qxe3 Bxd5+ 32. Kf2 Qxe3+ 33.
Kxe3 Kf7 34. Kd2 b5 35. Kc3 Be6 36. b4 Bxa2 37. Ra1 cxb4+ 38. Kxb4 Bc4 39. Rxa6
Ke6 40. Ra7 h5 41. Rg7 Kf5 42. Rd7 Ke5 43. Rg7 Bd3 44. Kc3 Bf5 45. Rb7 Ke4 46.
Rxb5 d5 47. Rb4+ Kf3 48. Kd4 Be4 49. Ke5 Kg2 50. Rb2+ Kh3 51. Kf6 h4 52. Rb3
hxg3 53. hxg3 Kg4 54. Re3 Bf3 1/2-1/2

[Event "U.S. Open"]
[Site "Phoenix, Ariz."]
[Date "1978.08.08"]
[Round "3"]
[White "Moody, David"]
[Black "Diebert, Charles"]
[Result "1/2-1/2"]
[WhiteElo "1712"]
[BlackElo "2007"]
[PlyCount "133"]
[EventDate "1978.08.06"]

1. Nc3 c5 2. Nf3 Nc6 3. e4 d6 4. d4 cxd4 5. Nxd4 Nf6 6. Bc4 e5 7. Nde2 Be7 8.
Bb3 O-O 9. Bg5 Be6 10. Bxf6 Bxf6 11. Nd5 Rc8 12. Nec3 Nd4 13. Qd3 Rc5 14. O-O
g6 15. Ne3 Bg7 16. Ncd5 f5 17. f4 Kh8 18. c3 fxe4 19. Qxe4 Ne2+ 20. Kh1 Qh4 21.
Rf3 g5 22. Ne7 g4 23. N7f5 Bxf5 24. Nxf5 Rxf5 25. g3 Qf6 26. Rf2 Nxf4 27. Bc2
Rh5 28. gxf4 exf4 29. Rxf4 Qe5 30. Raf1 g3 31. h4 Qxe4+ 32. Bxe4 Rc4 33. Kg2 d5
34. Bd3 Rxf4 35. Rxf4 Be5 36. Rg4 b6 37. Kh3 Rh6 38. Rg5 Re6 39. Kg2 h6 40. Rf5
Kg7 41. Kh3 Re7 42. Kg2 Re6 43. Kh3 Re7 44. Kg2 a5 45. Kh3 Re6 46. Kg2 Re7 47.
Kh3 Re6 48. Kg2 d4 49. cxd4 Bxd4 50. Kxg3 Bxb2 51. a4 Bf6 52. h5 Re3+ 53. Rf3
Re1 54. Bb5 Re5 55. Kg4 Rg5+ 56. Kh3 Rxh5+ 57. Kg4 Re5 58. Rf5 Re4+ 59. Kg3 Rd4
60. Rh5 Bg5 61. Rh1 Re4 62. Kf3 Rf4+ 63. Kg3 Kf6 64. Rf1 Ke5 65. Rxf4 Bxf4+ 66.
Kg4 Bd2 67. Kh5 1/2-1/2

[Event "U.S. Open"]
[Site "Phoenix, Ariz."]
[Date "1978.08.09"]
[Round "4"]
[White "Alonso, Francisco"]
[Black "Moody, David"]
[Result "1-0"]
[WhiteElo "1988"]
[BlackElo "1712"]
[PlyCount "43"]
[EventDate "1978.08.06"]

1. g4 d5 2. h3 e5 3. d3 Bc5 4. Bg2 Be6 5. Nc3 c6 6. Nf3 Nd7 7. e4 Ngf6 8. g5
Ng8 9. Qe2 f6 10. d4 Bd6 11. dxe5 fxe5 12. exd5 cxd5 13. Nd4 Bf7 14. Bxd5 Bxd5
15. Nxd5 Ne7 16. Nb5 Bb8 17. Qc4 Nc6 18. Be3 a6 19. Nbc3 Qc8 20. Bb6 h6 21. g6
Rf8 22. O-O-O 1-0

[Event "U.S. Open"]
[Site "Phoenix, Ariz."]
[Date "1978.08.10"]
[Round "5"]
[White "Moody, David"]
[Black "Scott, Gordon"]
[Result "0-1"]
[WhiteElo "1712"]
[BlackElo "1424"]
[PlyCount "64"]
[EventDate "1978.08.06"]

1. e4 c5 2. Nf3 d6 3. d4 cxd4 4. Nxd4 a6 5. Nc3 g6 6. Bc4 Nf6 7. f3 Bg7 8. Be3
Nc6 9. Qd2 Bd7 10. O-O-O b5 11. Bb3 Na5 12. Bd5 Nxd5 13. Nxd5 Nc4 14. Qf2 O-O
15. Bg5 f6 16. Bh4 e6 17. Nf4 Bh6 18. Nde2 e5 19. b3 Bxf4+ 20. Kb1 Be3 21. Qe1
Na3+ 22. Kb2 Bc5 23. Bf2 Bxf2 24. Qxf2 b4 25. Rxd6 Qc7 26. Rd2 Bb5 27. Qe1 a5
28. h4 Rad8 29. h5 Rxd2 30. Qxd2 Rd8 31. Qe3 Qxc2+ 32. Ka1 Bxe2 0-1

[Event "C3 Arizona Quads (1)"]
[Site "Phoenix, Ariz."]
[Date "1978.08.10"]
[Round "1"]
[White "Moody, David"]
[Black "Robertson, Matthew"]
[Result "1-0"]
[WhiteElo "1712"]
[BlackElo "1834"]
[PlyCount "35"]
[EventDate "1978.08.10"]

1. Nc3 d5 2. e4 c6 3. d4 g6 4. Nf3 Bg4 5. h3 Bxf3 6. Qxf3 dxe4 7. Nxe4 Qxd4 8.
Bd2 e5 9. Bc3 Bb4 10. Rd1 Qb6 11. Bc4 Nh6 12. O-O Nd7 13. Bxb4 Qxb4 14. Nd6+
Kd8 15. a3 Qb6 16. Nxf7+ Nxf7 17. Qxf7 Qc7 18. Qf6+ 1-0

[Event "C3 Arizona Quads (1)"]
[Site "Phoenix, Ariz."]
[Date "1978.08.10"]
[Round "2"]
[White "Moody, David"]
[Black "Pritchett, Douglas"]
[Result "1/2-1/2"]
[WhiteElo "1712"]
[BlackElo "1517"]
[PlyCount "60"]
[EventDate "1978.08.10"]

1. Nc3 g6 2. e4 Bg7 3. d4 d6 4. Bc4 Nd7 5. Nf3 h6 6. Be3 Ngf6 7. Qd2 Ng4 8.
O-O-O Nxe3 9. fxe3 Nb6 10. Bb3 e6 11. Qf2 Bd7 12. Rdf1 Qe7 13. Nd2 Rf8 14. h3
O-O-O 15. g4 Kb8 16. Qg3 e5 17. d5 c6 18. Rf3 cxd5 19. Nxd5 Nxd5 20. Bxd5 Be6
21. Rhf1 Rc8 22. Qf2 Qc7 23. Nb1 Bxd5 24. exd5 f6 25. e4 Rf7 26. h4 g5 27. h5
Qc5 28. Rc3 Qxf2 29. Rxf2 Rfc7 30. Rff3 Rc4 1/2-1/2

[Event "C3 Arizona Quads (1)"]
[Site "Phoenix, Ariz."]
[Date "1978.08.10"]
[Round "3"]
[White "Hurdle, Robert"]
[Black "Moody, David"]
[Result "1-0"]
[WhiteElo "2021"]
[BlackElo "1712"]
[PlyCount "109"]
[EventDate "1978.08.10"]

1. e4 e5 2. Nf3 Nc6 3. Bc4 Nf6 4. d4 exd4 5. O-O Bc5 6. e5 d5 7. exf6 dxc4 8.
Re1+ Be6 9. Ng5 Qd5 10. Nc3 Qf5 11. Nce4 O-O-O 12. g4 Qxg4+ 13. Qxg4 Bxg4 14.
Nxc5 gxf6 15. Nxf7 Rhg8 16. Bf4 Bh5+ 17. Ng5 fxg5 18. Bd2 h6 19. Re6 Bg6 20. c3
d3 21. a4 Rde8 22. Rae1 Na5 23. Kg2 b6 24. Rxg6 bxc5 25. Rxg8 Rxg8 26. Be3 Nb3
27. Rd1 Rg6 28. Kf3 Ra6 29. Ke4 Rxa4 30. Kd5 Ra1 31. Rxa1 Nxa1 32. Kxc4 Nc2 33.
Bd2 Na1 34. Kxd3 Kd7 35. Be3 Nb3 36. Kc4 Na5+ 37. Kxc5 Nc6 38. Kd5 a6 39. h3
Nd8 40. Ke5 Ke7 41. Kd5 Kd7 42. f3 Ne6 43. b3 Nf8 44. Bd4 Ng6 45. Ke4 Ke6 46.
Be3 Ne7 47. Bd2 Nf5 48. f4 Nd6+ 49. Kd4 c5+ 50. Kd3 gxf4 51. Bxf4 h5 52. Bxd6
Kxd6 53. Ke4 a5 54. c4 Ke6 55. h4 1-0

[Event "U.S. Open"]
[Site "Phoenix, Ariz."]
[Date "1978.08.11"]
[Round "6"]
[White "Stepp, Ken"]
[Black "Moody, David"]
[Result "1/2-1/2"]
[WhiteElo "1435"]
[BlackElo "1712"]
[PlyCount "39"]
[EventDate "1978.08.06"]

1. d4 Nf6 2. c4 c5 3. d5 e6 4. e3 exd5 5. cxd5 d6 6. Nc3 g6 7. e4 Bg7 8. Nf3
O-O 9. Bd3 Re8 10. O-O a6 11. a4 b6 12. h3 Nbd7 13. Bf4 Qc7 14. Qc2 c4 15. Be2
Nc5 16. Nd2 Bd7 17. Bxc4 Nh5 18. Be3 Qc8 19. Bxc5 bxc5 20. Rfb1 1/2-1/2

[Event "C3 Arizona Quads (2)"]
[Site "Phoenix, Ariz."]
[Date "1978.08.11"]
[Round "1"]
[White "Moody, David"]
[Black "Smith, Les LeRoy"]
[Result "1-0"]
[WhiteElo "1712"]
[BlackElo "1633"]
[PlyCount "77"]
[EventDate "1978.08.11"]

1. Nh3 d5 2. g3 Nf6 3. f4 Nc6 4. Bg2 Bg4 5. O-O Nd4 6. Nc3 Ne4 7. Bxe4 dxe4 8.
Nf2 Bf5 9. Ncxe4 Qd5 10. Nc3 Qc6 11. d3 h5 12. e4 e5 13. Be3 h4 14. g4 Be6 15.
fxe5 O-O-O 16. Bxd4 Rxd4 17. Ne2 Rd8 18. h3 Qb6 19. d4 Qxb2 20. Nd3 Qa3 21. d5
Bc5+ 22. Kh2 Bd7 23. Rxf7 g5 24. e6 Bd6+ 25. e5 Bxe6 26. dxe6 Bxe5+ 27. Kg2
Bxa1 28. Qxa1 Qd6 29. Qf6 Qd5+ 30. Kf2 Rhe8 31. e7 Rd6 32. Qg7 Re6 33. Rf8
Rxe2+ 34. Kxe2 Qg2+ 35. Nf2 Qc6 36. Rxe8+ Qxe8 37. Qf8 Kd7 38. Qxe8+ Kxe8 39.
Ne4 1-0

[Event "C3 Arizona Quads (2)"]
[Site "Phoenix, Ariz."]
[Date "1978.08.11"]
[Round "2"]
[White "Moody, David"]
[Black "Buchanan, Richard"]
[Result "0-1"]
[WhiteElo "1712"]
[BlackElo "1886"]
[PlyCount "78"]
[EventDate "1978.08.11"]

1. Nc3 d5 2. e4 d4 3. Nce2 c5 4. Ng3 e5 5. Nf3 Bd6 6. Bc4 Nc6 7. d3 Nf6 8. Bg5
h6 9. Bxf6 Qxf6 10. Qd2 Bg4 11. O-O-O Bxf3 12. gxf3 g6 13. Bb5 Be7 14. Bxc6+
Qxc6 15. Kb1 Bg5 16. Qe1 O-O-O 17. Ne2 h5 18. Qg1 Bh6 19. Qg3 Qc7 20. Ka1 Kb8
21. Rb1 Rhe8 22. b4 c4 23. Rb2 Re6 24. Rhb1 c3 25. Rb3 Ra6 26. a3 Re8 27. Ka2
Ra4 28. Ra1 Re6 29. Kb1 Qe7 30. f4 h4 31. Qg4 exf4 32. Nxf4 Bxf4 33. Qxf4+ Kc8
34. e5 Qd7 35. Qxh4 Rxe5 36. Qh8+ Qe8 37. Qf6 Qe6 38. Qh4 Re1+ 39. Ka2 Rxa3+
0-1

[Event "C3 Arizona Quads (2)"]
[Site "Phoenix, Ariz."]
[Date "1978.08.11"]
[Round "3"]
[White "DeVico, Joe"]
[Black "Moody, David"]
[Result "1/2-1/2"]
[WhiteElo "1674"]
[BlackElo "1712"]
[PlyCount "40"]
[EventDate "1978.08.11"]

1. e4 e5 2. Nf3 Nc6 3. Nc3 Nf6 4. d4 exd4 5. Nxd4 Bc5 6. Be3 Bb6 7. Bc4 O-O 8.
Bb3 Re8 9. f3 d5 10. Bxd5 Nxd5 11. Nxd5 Nxd4 12. Nxb6 Nxf3+ 13. gxf3 axb6 14.
Qxd8 Rxd8 15. Bf4 Be6 16. Ke2 Rd7 17. Rhg1 Kf8 18. a3 f6 19. Rad1 Rad8 20. b3
Rxd1 1/2-1/2

[Event "U.S. Open"]
[Site "Phoenix, Ariz."]
[Date "1978.08.13"]
[Round "7"]
[White "Moody, David"]
[Black "Rueter, Carl"]
[Result "1-0"]
[WhiteElo "1712"]
[BlackElo "1529"]
[PlyCount "59"]
[EventDate "1978.08.06"]

1. e4 d5 2. exd5 Qxd5 3. Nc3 Qa5 4. d4 Nf6 5. Nf3 Bg4 6. Be2 e6 7. O-O a6 8.
Be3 Nc6 9. a3 Qh5 10. h3 Bxh3 11. gxh3 Qxh3 12. Ng5 Qf5 13. Bd3 Qg4+ 14. Qxg4
Nxg4 15. Nxh7 O-O-O 16. Nxf8 Rhxf8 17. Ne2 f6 18. c3 g5 19. Kg2 Nce5 20. Bxa6
Ng6 21. Bc4 Kd7 22. Rh1 Rg8 23. Rh7+ Ne7 24. d5 Kd6 25. dxe6 Nf5 26. Rd1+ Ke5
27. Rxd8 Rxd8 28. Bd4+ Nxd4 29. cxd4+ Ke4 30. f3+ 1-0

[Event "C3 Arizona Quads (3)"]
[Site "Phoenix, Ariz."]
[Date "1978.08.14"]
[Round "2"]
[White "Moody, David"]
[Black "Kress, Roy"]
[Result "1-0"]
[WhiteElo "1712"]
[BlackElo "1800"]
[PlyCount "55"]
[EventDate "1978.08.14"]

1. Nc3 d5 2. e4 d4 3. Nce2 Nf6 4. Ng3 e5 5. Nf3 Bd6 6. Bc4 Nc6 7. d3 h6 8. O-O
O-O 9. Nh4 Ne7 10. f4 Be6 11. fxe5 Bxe5 12. Nh5 Bxc4 13. dxc4 Qd6 14. Nxf6+
Bxf6 15. Qg4 Be5 16. Nf5 Nxf5 17. Rxf5 Bxh2+ 18. Kh1 Be5 19. Rh5 Kh8 20. Qh4
Qf6 21. Bg5 Qg6 22. Bxh6 Kg8 23. Bf4 f6 24. Bxe5 fxe5 25. Rh8+ Kf7 26. Rf1+ Ke6
27. Rfxf8 Rxf8 28. Rxf8 1-0

[Event "C3 Arizona Quads (3)"]
[Site "Phoenix, Ariz."]
[Date "1978.08.14"]
[Round "1"]
[White "Moody, David"]
[Black "DeVico, Joe"]
[Result "1/2-1/2"]
[WhiteElo "1712"]
[BlackElo "1674"]
[PlyCount "46"]
[EventDate "1978.08.14"]

1. Nc3 g6 2. d4 Bg7 3. e4 d6 4. Bc4 Nf6 5. f3 Nbd7 6. Be3 c6 7. a4 Qb6 8. Nge2
O-O 9. a5 Qc7 10. Qd2 a6 11. Bh6 c5 12. Bb3 cxd4 13. Nxd4 Nc5 14. h4 Bxh6 15.
Qxh6 Nxb3 16. Nxb3 d5 17. h5 e6 18. O-O-O Nxh5 19. Rxh5 gxh5 20. Qg5+ Kh8 21.
Qf6+ Kg8 22. Qg5+ Kh8 23. Qf6+ Kg8 1/2-1/2

[Event "U.S. Open"]
[Site "Phoenix, Ariz."]
[Date "1978.08.14"]
[Round "8"]
[White "McDonald, Jeffrey"]
[Black "Moody, David"]
[Result "0-1"]
[WhiteElo "1371"]
[BlackElo "1712"]
[PlyCount "70"]
[EventDate "1978.08.06"]

1. d4 Nf6 2. c4 c5 3. d5 e6 4. Nc3 exd5 5. Nxd5 Nxd5 6. Qxd5 d6 7. g3 Nc6 8.
Nf3 Be6 9. Qe4 Be7 10. Bg2 O-O 11. O-O d5 12. cxd5 Bxd5 13. Qe3 Qb6 14. Ne5
Bxg2 15. Kxg2 Nxe5 16. Qxe5 Bf6 17. Qf5 Rfe8 18. Qc2 Qc6+ 19. Kg1 Re6 20. Be3
b6 21. Rad1 Rae8 22. Rd2 h5 23. h4 Re4 24. Bf4 Qe6 25. e3 Rb4 26. Rd6 Qg4 27.
Qd1 Qxd1 28. Rdxd1 Rxb2 29. Rd7 a5 30. Bc7 c4 31. Rc1 c3 32. Rd6 Rc8 33. Bxb6
c2 34. Bxa5 Rb1 35. Bd2 Bb2 0-1

[Event "C3 Arizona Quads (3)"]
[Site "Phoenix, Ariz."]
[Date "1978.08.14"]
[Round "3"]
[White "Hurdle, Robert"]
[Black "Moody, David"]
[Result "1-0"]
[WhiteElo "2021"]
[BlackElo "1712"]
[PlyCount "25"]
[EventDate "1978.08.14"]

1. e4 e5 2. Nf3 Nc6 3. d4 exd4 4. Bc4 d3 5. Qxd3 Nf6 6. Bg5 Be7 7. e5 Ng4 8.
Bxf7+ Kxf7 9. Qf5+ Nf6 10. exf6 Bxf6 11. O-O Re8 12. Bxf6 Qxf6 13. Ng5+ 1-0

[Event "U.S. Open"]
[Site "Phoenix, Ariz."]
[Date "1978.08.15"]
[Round "9"]
[White "Moody, David"]
[Black "Shaw, Jack"]
[Result "1/2-1/2"]
[WhiteElo "1712"]
[BlackElo "1893"]
[PlyCount "61"]
[EventDate "1978.08.06"]

1. e4 e5 2. Nf3 Nc6 3. Bb5 a6 4. Ba4 Nf6 5. O-O Be7 6. Bxc6 dxc6 7. Nc3 Bg4 8.
h3 Bh5 9. g4 Bg6 10. Nxe5 Nxe4 11. Re1 Qd4 12. Nxe4 Bxe4 13. d3 Bd5 14. Be3 Qb4
15. Qe2 O-O-O 16. Bd2 Qd6 17. Nxf7 Bxf7 18. Qxe7 Qxe7 19. Rxe7 Rd7 20. Rae1 Rg8
21. Bg5 Rxe7 22. Rxe7 Bxa2 23. Bf4 Rf8 24. Rxc7+ Kd8 25. Bg3 Rf7 26. Rxf7 Bxf7
27. Be5 g6 28. f4 h5 29. b3 hxg4 30. hxg4 Be6 31. g5 1/2-1/2

[Event "C3 Arizona Quads (4)"]
[Site "Phoenix, Ariz."]
[Date "1978.08.16"]
[Round "1"]
[White "Rodgers, Ray"]
[Black "Moody, David"]
[Result "0-1"]
[WhiteElo "1731"]
[BlackElo "1712"]
[PlyCount "68"]
[EventDate "1978.08.16"]

1. d4 Nf6 2. Nc3 e6 3. e4 Bb4 4. Bd3 d6 5. Nge2 Nbd7 6. Bg5 c5 7. dxc5 Nxc5 8.
O-O Qa5 9. e5 Nxd3 10. Qxd3 Qxe5 11. Bxf6 gxf6 12. a3 Bxc3 13. Nxc3 Bd7 14.
Rfe1 Qg5 15. Nd5 Bc6 16. Rad1 Bxd5 17. Qxd5 Qxd5 18. Rxd5 Kd7 19. Rd2 Rac8 20.
Red1 d5 21. a4 Rc4 22. b3 Rc3 23. Re1 Rhc8 24. Ree2 Rxb3 25. f4 Rbc3 26. Kf2
R8c4 27. f5 Rf4+ 28. Ke1 Rxf5 29. Rd4 Rc4 30. Rxc4 dxc4 31. Kd2 Kc6 32. Kc3 Kc5
33. Re4 Kd6 34. Rxc4 Rc5 0-1

[Event "C3 Arizona Quads (4)"]
[Site "Phoenix, Ariz."]
[Date "1978.08.16"]
[Round "3"]
[White "Moody, David"]
[Black "Hurdle, Robert"]
[Result "0-1"]
[WhiteElo "1712"]
[BlackElo "2021"]
[PlyCount "30"]
[EventDate "1978.08.16"]

1. e4 c5 2. Nf3 d6 3. d4 cxd4 4. Nxd4 Nf6 5. Nc3 g6 6. f3 Bg7 7. Be3 O-O 8. Bc4
Nc6 9. Qd2 Bd7 10. O-O-O Qa5 11. Kb1 Rfc8 12. Bb3 Ne5 13. Bh6 Nc4 14. Bxc4 Bxh6
15. Bxf7+ Kg7 0-1

[Event "C3 Arizona Quads (4)"]
[Site "Phoenix, Ariz."]
[Date "1978.08.16"]
[Round "2"]
[White "Moody, David"]
[Black "Demos, John"]
[Result "0-1"]
[WhiteElo "1712"]
[BlackElo "1907"]
[PlyCount "46"]
[EventDate "1978.08.16"]

1. Nc3 Nf6 2. d4 d5 3. Bg5 e6 4. e4 dxe4 5. Nxe4 Be7 6. Nxf6+ Bxf6 7. Bxf6 Qxf6
8. Bd3 O-O 9. Nf3 c5 10. c3 cxd4 11. cxd4 Nc6 12. Rc1 Rd8 13. h4 g6 14. h5 Nxd4
15. hxg6 Nxf3+ 16. gxf3 hxg6 17. Rc3 Rd4 18. Qc2 Bd7 19. Rc7 Rxd3 20. Qxd3 Qe5+
21. Qe3 Qxc7 22. Qg5 Bb5 23. Rh6 Qc2 0-1

[Event "U.S. Open"]
[Site "Phoenix, Ariz."]
[Date "1978.08.16"]
[Round "10"]
[White "Haskins, Raymond"]
[Black "Moody, David"]
[Result "1-0"]
[WhiteElo "1890"]
[BlackElo "1712"]
[PlyCount "75"]
[EventDate "1978.08.06"]

1. c4 Nf6 2. Nc3 g6 3. e4 d6 4. d4 Bg7 5. Be2 O-O 6. Bg5 h6 7. Be3 Nbd7 8. Qd2
Kh7 9. g4 Ne8 10. h4 e5 11. d5 Nc5 12. Nh3 Bd7 13. f3 Qc8 14. Nf2 a6 15. Nd3
Na4 16. h5 g5 17. Nd1 b5 18. c5 dxc5 19. Nxc5 Nxc5 20. Bxc5 Rg8 21. Rc1 Qb7 22.
Ne3 Rd8 23. O-O Bf8 24. Qc3 f6 25. b4 Bd6 26. Rfd1 Rc8 27. Qa3 Ng7 28. Rd2 Rgd8
29. Rdc2 Kg8 30. Qa5 Ne8 31. Bd3 Ra8 32. Nf5 Kh7 33. Kg2 Rac8 34. Ne7 Ra8 35.
Bxd6 cxd6 36. Rc7 Nxc7 37. Rxc7 Qb8 38. Nc6 1-0

[Event "C3 Arizona Quads (5)"]
[Site "Phoenix, Ariz."]
[Date "1978.08.17"]
[Round "3"]
[White "Scott, Gordon"]
[Black "Moody, David"]
[Result "0-1"]
[WhiteElo "1454"]
[BlackElo "1712"]
[PlyCount "116"]
[EventDate "1978.08.17"]

1. d4 Nf6 2. Nf3 e6 3. Bg5 d5 4. e3 Nbd7 5. c4 c6 6. cxd5 exd5 7. Bd3 Be7 8.
Bc2 O-O 9. Qd3 Ne4 10. Bxe7 Qxe7 11. Nc3 Ndf6 12. Nd2 Nd6 13. O-O-O Bf5 14. Qe2
Bxc2 15. Kxc2 Rac8 16. g4 c5 17. Kb1 cxd4 18. exd4 Qxe2 19. Nxe2 Nxg4 20. f3
Nf2 21. Rc1 Nxh1 22. Rxh1 Rfe8 23. Nc3 Nf5 24. Nb3 Kf8 25. Rg1 Re3 26. Rg5 Rxf3
27. Nc5 Nxd4 28. Nd7+ Ke8 29. a3 Rf5 30. Rxf5 Nxf5 31. Ne5 d4 32. Ne4 Ke7 33.
Nd3 f6 34. Nb4 Ke6 35. Nf2 Ke5 36. Nc2 Ne3 37. Ne1 f5 38. Ned3+ Kf6 39. h3 g5
40. Nb4 h5 41. Nbd3 g4 42. hxg4 hxg4 43. Nf4 Kg5 44. Ne6+ Kh4 45. Nxd4 Kg3 46.
Nd3 Kh2 47. Ne1 f4 48. Ne2 f3 49. Nf4 f2 50. Ned3 f1=Q+ 51. Ka2 Rf8 52. a4 Rxf4
53. Nxf4 Qxf4 54. a5 Qa4+ 55. Kb1 g3 56. a6 g2 57. b3 Qa3 58. b4 g1=R# 0-1

[Event "C3 Arizona Quads (5)"]
[Site "Phoenix, Ariz."]
[Date "1978.08.17"]
[Round "2"]
[White "Moody, David"]
[Black "Harris, Woodrow"]
[Result "1/2-1/2"]
[WhiteElo "1712"]
[BlackElo "1488"]
[PlyCount "74"]
[EventDate "1978.08.17"]

1. e4 e5 2. Nf3 Nc6 3. Bb5 d6 4. d4 a6 5. Bxc6+ bxc6 6. dxe5 d5 7. exd5 cxd5 8.
O-O Ne7 9. Bg5 c6 10. Nd4 Qc7 11. f4 Nf5 12. Nxf5 Bxf5 13. Nc3 Bc5+ 14. Kh1 O-O
15. Qh5 Bxc2 16. f5 Qxe5 17. Rae1 Qd6 18. Be7 Qxe7 19. Rxe7 Bxe7 20. Rf3 Bf6
21. Rh3 h6 22. Rg3 Rfe8 23. h4 Re1+ 24. Kh2 Be5 25. Qg4 Bxg3+ 26. Qxg3 Rae8 27.
f6 g6 28. Qf4 Kh7 29. Qc7 Kg8 30. Qxc6 R1e6 31. Qxd5 Rxf6 32. Qd2 Bf5 33. Qxh6
Rb8 34. Nd5 Re6 35. Nc7 Rd6 36. Qe3 Rc8 37. Qe5 Rcd8 1/2-1/2

[Event "U.S. Open"]
[Site "Phoenix, Ariz."]
[Date "1978.08.17"]
[Round "11"]
[White "Moody, David"]
[Black "Badart, Robin"]
[Result "1/2-1/2"]
[WhiteElo "1712"]
[BlackElo "1541"]
[PlyCount "89"]
[EventDate "1978.08.06"]

1. e4 e6 2. d4 d5 3. Nc3 Bb4 4. e5 c5 5. a3 Bxc3+ 6. bxc3 Ne7 7. Qg4 Qc7 8.
Qxg7 Rg8 9. Qxh7 cxd4 10. Kd1 Nbc6 11. f4 Bd7 12. Qd3 dxc3 13. Nf3 d4 14. Ng5
Rxg5 15. fxg5 Qxe5 16. Qf3 Qf5 17. Qxf5 Nxf5 18. Bd3 e5 19. Rf1 Nd6 20. a4 e4
21. Ba3 exd3 22. Bxd6 d2 23. h3 Be6 24. Rf6 Kd7 25. Bf4 Na5 26. Bxd2 cxd2 27.
Kxd2 Rc8 28. Rb1 Rc4 29. Ra1 b6 30. Kd3 Rc3+ 31. Kxd4 Rxc2 32. g6 Nb3+ 33. Kd3
Nxa1 34. gxf7 Bxf7 35. Rxf7+ Kc6 36. Rf1 Rxg2 37. Rxa1 Rg3+ 38. Kc4 Rxh3 39.
Rc1 Rh4+ 40. Kb3+ Kb7 41. Rf1 Rh7 42. Rf5 Ka6 43. Kb4 Re7 44. Rh5 Re4+ 45. Kb3
1/2-1/2